Le Valereux Dom Quixote de la Manche (Record no. 2735)

MARC details
000 -CABECERA
campo de control de longitud fija 01574nam a2200313 a 4500
001 - NÚMERO DE CONTROL
campo de control BRCA_2997
005 - FECHA Y HORA DE LA ÚLTIMA TRANSACCIÓN
campo de control 20190320204048.0
008 - DATOS DE LONGITUD FIJA--INFORMACIÓN GENERAL
campo de control de longitud fija 190109s1639----fr-#---###---#000-0#fre-u
041 ## - CÓDIGO DE LENGUA
Código de lengua del texto/banda sonora o título independiente fre
044 ## - CÓDIGO DEL PAÍS DE LA ENTIDAD EDITORA/PRODUCTORA
Código MARC del país fr
084 ## - OTRO NÚMERO DE CLASIFICACIÓN
Número de clasificación 318
Número de documento/Ítem .C68
-- 1639
100 1# - ENTRADA PRINCIPAL--NOMBRE DE PERSONA
Nombre de persona Cervantes Saavedra, Miguel de
Fechas asociadas al nombre 1547-1616
9 (RLIN) 213
245 10 - MENCIÓN DE TÍTULO
Título Le Valereux Dom Quixote de la Manche
Resto del título ov L´Historie de ses Grands Exploicts D´Armes, Fideles Amours, et Adventures Estranges
Mención de responsabilidad, etc. Traduit Fidellement de L´Espagnol de Michelle de Cervantes. Dedi, au Roy par Cesar Ovdin.
260 ## - PUBLICACIÓN, DISTRIBUCIÓN, ETC.
Lugar de publicación, distribución, etc. París
Nombre del editor, distribuidor, etc. Arnovld Cottinet
Fecha de publicación, distribución, etc. 1639
300 ## - DESCRIPCIÓN FÍSICA
Extensión 1 v.
Dimensiones 25 cm.
500 ## - NOTA GENERAL
Nota general Contenido : Primera parte. Dedicatoria al Rey por Oudin. Prólogo del autor. Texto. Segunda parte. Traducción de F. de Rosset. Dedicatoria del traductor. Texto
500 ## - NOTA GENERAL
Nota general Reimpresión de la edición de 1625, publicada por Jean Mestais. Tiene la novedad de llevar en la portada la primera ilustración gráfica de origen inglés, representando a Don Quijote y Sancho Panza cabalgando. Encuadernada en pergamino Lúdovik Osterc
500 ## - NOTA GENERAL
Nota general Existencias : Se complementa con el LO-319
500 ## - NOTA GENERAL
Nota general QM243
546 ## - NOTA DE LENGUA/LENGUAJE
Nota de lengua/lenguaje Texto en : francés
650 14 - PUNTO DE ACCESO ADICIONAL DE MATERIA--TÉRMINO DE MATERIA
Término de materia o nombre geográfico como elemento de entrada Novela española
Subdivisión cronológica Época clásica, 1500-1700
9 (RLIN) 215
650 14 - PUNTO DE ACCESO ADICIONAL DE MATERIA--TÉRMINO DE MATERIA
Término de materia o nombre geográfico como elemento de entrada Literatura española
Subdivisión cronológica Época clásica, 1500-1700
9 (RLIN) 216
650 14 - PUNTO DE ACCESO ADICIONAL DE MATERIA--TÉRMINO DE MATERIA
Término de materia o nombre geográfico como elemento de entrada Novela española
Subdivisión cronológica Siglo XVII
9 (RLIN) 217
650 14 - PUNTO DE ACCESO ADICIONAL DE MATERIA--TÉRMINO DE MATERIA
Término de materia o nombre geográfico como elemento de entrada Don Quijote (Personaje ficticio)
Término indicativo de función/relación Novela
9 (RLIN) 218
700 1# - PUNTO DE ACCESO ADICIONAL--NOMBRE DE PERSONA
Nombre de persona Oudin, César
Fechas asociadas al nombre ?-1625
Término indicativo de función/relación Traductor
9 (RLIN) 8286
740 0# - PUNTO DE ACCESO ADICIONAL--TÍTULO RELACIONADO O ANALÍTICO NO CONTROLADO
Título relacionado o analítico no controlado El Ingenioso Hidalgo Don Quijote de la Mancha
902 ## - CATALOGADOR
Iniciales QFM
942 ## - ELEMENTOS DE PUNTO DE ACCESO ADICIONAL (KOHA)
Fuente del sistema de clasificación o colocación Library of Congress Classification
Tipo de ítem Koha Libros
Holdings
Estado de retiro Estado de pérdida Estado dañado No para préstamo Localización permanente Ubicación/localización actual Fecha de adquisición Número de inventario Total de préstamos Signatura topográfica completa Código de barras Fecha visto por última vez Precio válido a partir de Tipo de ítem Koha
El ejemplar forma parte de la colección y puede ser consultado según las políticas vigentes.       Biblioteca del Museo Franz Mayer (Rogerio Casas-Alatriste) Biblioteca del Museo Franz Mayer (Rogerio Casas-Alatriste) 19/01/2009 QM243   318 .C68 1639 (QM243) 2994 22/03/2019 22/03/2019 Libros